<?xml version="1.0" encoding="UTF-8"?>
<record
    xmlns:xsi="http://www.w3.org/2001/XMLSchema-instance"
    xsi:schemaLocation="http://www.loc.gov/MARC21/slim http://www.loc.gov/standards/marcxml/schema/MARC21slim.xsd"
    xmlns="http://www.loc.gov/MARC21/slim">

  <leader>01862nam a2200289 a 4500</leader>
  <controlfield tag="001">BRCA_5269</controlfield>
  <controlfield tag="005">20190320205018.0</controlfield>
  <controlfield tag="008">011210s1864----mx-######v---#000-0#spa-#</controlfield>
  <datafield tag="041" ind1=" " ind2=" ">
    <subfield code="a">spa</subfield>
  </datafield>
  <datafield tag="044" ind1=" " ind2=" ">
    <subfield code="a">mx</subfield>
  </datafield>
  <datafield tag="084" ind1=" " ind2=" ">
    <subfield code="a">DOC137</subfield>
    <subfield code="b">.G66</subfield>
    <subfield code="c">1864</subfield>
  </datafield>
  <datafield tag="100" ind1="1" ind2=" ">
    <subfield code="a">Gonz&#xE1;lez, Elg&#xFC;ero</subfield>
    <subfield code="9">13497</subfield>
  </datafield>
  <datafield tag="245" ind1="1" ind2="0">
    <subfield code="a">Documento que habla sobre el anexo de varias tierras de la jurisdicci&#xF3;n de Chalco, con informes y fechas.</subfield>
    <subfield code="c">Elg&#xFC;ero Gonz&#xE1;lez.</subfield>
  </datafield>
  <datafield tag="260" ind1=" " ind2=" ">
    <subfield code="a">M&#xE9;xico</subfield>
    <subfield code="c">1864</subfield>
  </datafield>
  <datafield tag="300" ind1=" " ind2=" ">
    <subfield code="a">[596] fojas</subfield>
    <subfield code="b">1 mapa</subfield>
    <subfield code="c">31 x 23 cm.</subfield>
  </datafield>
  <datafield tag="500" ind1=" " ind2=" ">
    <subfield code="a">Posesi&#xF3;n Judicial de la Hacienda de la Compa&#xF1;ia ubicada en la Jurisdicci&#xF3;n de Chalco de la propiedad de los se&#xF1;ores Elg&#xFC;ero Gonz&#xE1;lez y Compa&#xF1;ia. El expediente es muy importante, esta divido en dos partes, la primera trata del litigio judicial y posesi&#xF3;n de la Hacienda de la Compa&#xF1;ia a mediados  del siglo XIX, y la segunda presenta varios documentos muy interesantes de los siglos XVI, XVII y XVIII a trav&#xE9;s de los cuales puede estudiarse la concesi&#xF3;n de la propiedad mediante las mercedes reales.</subfield>
  </datafield>
  <datafield tag="500" ind1=" " ind2=" ">
    <subfield code="a">Al m&#xE1;rgen inscripci&#xF3;n que dice: &#xB4;MINISTERIO DE JUSTICIA E INSTRUCCI&#xD3;N PUBLICA&#xB4; y sello con el escudo nacional y lema: &#xB4;SELLO SEGUNDO. CUATRO PESOS. A&#xD1;OS DE MIL OCHOCIENTOS CUARENTA Y MIL OCHOCIENTOS CUARENTA Y TRES&#xB4;.</subfield>
  </datafield>
  <datafield tag="500" ind1=" " ind2=" ">
    <subfield code="a">El documento contiene la leyenda DOC. #305.</subfield>
  </datafield>
  <datafield tag="500" ind1=" " ind2=" ">
    <subfield code="a">Estado de conservaci&#xF3;n: contiene manchas por acidez. m&#xE1;rgenes deteriorados y algunas fojas se estan desprendiendo.</subfield>
  </datafield>
  <datafield tag="506" ind1="0" ind2=" ">
    <subfield code="a">Fondo Reservado. Para su consulta es necesario credencial de usuario y carta de motivos.</subfield>
  </datafield>
  <datafield tag="546" ind1=" " ind2=" ">
    <subfield code="a">Texto en: espa&#xF1;ol de mediados del siglo XIX.</subfield>
  </datafield>
  <datafield tag="600" ind1="1" ind2="4">
    <subfield code="a">Gonz&#xE1;lez, Elg&#xFC;ero</subfield>
    <subfield code="x">Historia</subfield>
    <subfield code="9">13498</subfield>
  </datafield>
  <datafield tag="650" ind1="1" ind2="4">
    <subfield code="a">Documentos legales</subfield>
    <subfield code="v">Manuscritos</subfield>
    <subfield code="x">Historia</subfield>
    <subfield code="9">12814</subfield>
  </datafield>
  <datafield tag="651" ind1=" " ind2="4">
    <subfield code="a">M&#xE9;xico</subfield>
    <subfield code="x">Historia</subfield>
    <subfield code="y">Constituci&#xF3;n y reforma, 1855-1863</subfield>
    <subfield code="9">13499</subfield>
  </datafield>
  <datafield tag="902" ind1=" " ind2=" ">
    <subfield code="a">FDH</subfield>
  </datafield>
  <datafield tag="942" ind1=" " ind2=" ">
    <subfield code="2">lcc</subfield>
    <subfield code="c">D</subfield>
  </datafield>
  <datafield tag="999" ind1=" " ind2=" ">
    <subfield code="c">4963</subfield>
    <subfield code="d">4963</subfield>
  </datafield>
  <datafield tag="952" ind1=" " ind2=" ">
    <subfield code="0">0</subfield>
    <subfield code="1">0</subfield>
    <subfield code="4">0</subfield>
    <subfield code="7">0</subfield>
    <subfield code="a">BRCA</subfield>
    <subfield code="b">BRCA</subfield>
    <subfield code="d">2010-12-01</subfield>
    <subfield code="l">0</subfield>
    <subfield code="o">DOC137 .G66 1864</subfield>
    <subfield code="p">5704</subfield>
    <subfield code="r">2019-03-22 00:00:00</subfield>
    <subfield code="w">2019-03-22</subfield>
    <subfield code="y">D</subfield>
  </datafield>
</record>
